000 00626nam a2200229 i 4500
001 C2-0216221
003 PPAK
005 20180728104853.0
008 990515s xxka|||| ||||| | eng d
020 _a0721435920
040 _aPPAK
_beng
_cPPAK
_erda
082 0 4 _a428.6
_2 23
090 0 0 _a428.6
_bPET
_dK
245 0 0 _aPeter Pan
264 1 _aLoughborough :
_bLadybird Books ,
_c[date of publication not identified]
300 _a43 pages :
_bcolour illustrations ;
_c18 cm
336 _2rdacontent
_atext
337 _2rdamedia
_aunmediated
338 _2rdacarrier
_avolume
650 1 0 _aReaders
942 _ddc
_cB
999 _c159882
_d159882